[Event "Dresden ZMD op-B 23rd"]
[Site "Dresden"]
[Date "2014.08.15"]
[Round "1"]
[White "Wolf, Andreas"]
[Black "Heber, Markus"]
[Result "1-0"]
[WhiteElo "2008"]
[BlackElo "1841"]
[PlyCount "61"]
[EventDate "2014.08.15"]
[EventType "swiss"]
[EventRounds "9"]
[EventCountry "GER"]
[SourceTitle "EXT 2024"]
[Source "ChessBase"]
[SourceDate "2023.10.10"]
[SourceVersion "1"]
[SourceVersionDate "2023.10.10"]
[SourceQuality "1"]

1. d4 Nf6 2. c4 g6 3. Nc3 Bg7 4. e4 d6 5. f3 0-0 6. Be3 c5 7. Nge2 Nc6 8. Qd2 Re8 9. 0-0-0 cxd4 10. Nxd4 Nxd4 11. Bxd4 Be6 12. Kb1 Rc8 13. Nd5 Bxd5 14. cxd5 a6 15. g4 Nd7 16. Bxg7 Kxg7 17. h4 h6 18. f4 Qb6 19. g5 h5 20. Bh3 Rc7 21. Bxd7 Rxd7 22. f5 Rc7 23. Rc1 Rec8 24. Rxc7 Rxc7 25. fxg6 Kxg6 26. Rf1 Qb5 27. Qf4 Qd3+ 28. Ka1 e6 29. dxe6 fxe6 30. Qf6+ Kh7 31. Qh6+ 1-0

[Event "Sachsen-ch U18"]
[Site "Sebnitz"]
[Date "2013.04.06"]
[Round "7"]
[White "Heber, Markus"]
[Black "Kempe, Markus"]
[Result "1/2-1/2"]
[WhiteElo "1675"]
[BlackElo "1596"]
[PlyCount "91"]
[EventDate "2013.04.02"]
[EventType "swiss"]
[EventRounds "7"]
[EventCountry "GER"]
[SourceTitle "EXT 2014"]
[Source "ChessBase"]
[SourceDate "2013.11.20"]
[SourceVersion "1"]
[SourceVersionDate "2013.11.20"]
[SourceQuality "1"]

1. e4 c5 2. Nf3 Nc6 3. d4 cxd4 4. Nxd4 Nf6 5. Nc3 d6 6. Be2 e5 7. Nf3 h6 8. 0-0 Be7 9. Re1 0-0 10. h3 Be6 11. Bf1 Nb8 12. b3 Qc7 13. Bb2 Rd8 14. Qe2 Nbd7 15. Nb5 Qc6 16. c4 Nf8 17. Rac1 Ng6 18. g3 a6 19. Nc3 Qe8 20. Bg2 Rac8 21. Nd2 Bd7 22. a4 Rb8 23. Bf1 Nf8 24. Rc2 Ne6 25. Nd5 Nxd5 26. cxd5 Nc5 27. Ba3 b5 28. Bxc5 dxc5 29. a5 Rdc8 30. Rec1 Rc7 31. f4 Bf8 32. Nf3 Bd6 33. fxe5 Bxe5 34. Kh2 Rbc8 35. Qe3 Qe7 36. Nxe5 Qxe5 37. Bg2 f5 38. Qf4 Qxf4 39. gxf4 fxe4 40. Bxe4 Rf8 41. Kg3 h5 42. d6 Rcc8 43. h4 Rf6 44. Rxc5 Rxc5 45. Rxc5 Rxd6 46. Rxh5 1/2-1/2

[Event "Sachsen-ch U18"]
[Site "Sebnitz"]
[Date "2013.04.02"]
[Round "1"]
[White "Heber, Markus"]
[Black "Mueller, Marius"]
[Result "0-1"]
[WhiteElo "1675"]
[BlackElo "1896"]
[PlyCount "100"]
[EventDate "2013.04.02"]
[EventType "swiss"]
[EventRounds "7"]
[EventCountry "GER"]
[SourceTitle "EXT 2014"]
[Source "ChessBase"]
[SourceDate "2013.11.20"]
[SourceVersion "1"]
[SourceVersionDate "2013.11.20"]
[SourceQuality "1"]

1. e4 c5 2. Nf3 d6 3. Bb5+ Bd7 4. Bxd7+ Nxd7 5. 0-0 Ngf6 6. Re1 g6 7. c3 Bg7 8. d4 cxd4 9. cxd4 0-0 10. Nc3 a6 11. Be3 b5 12. Qd3 Nb6 13. b3 e6 14. Rec1 d5 15. e5 Nfd7 16. Qd2 Qe7 17. Bg5 Qb4 18. Qb2 Nc4 19. Qe2 Na3 20. Nd1 Rfc8 21. Nb2 Qa5 22. Nd3 b4 23. Be7 Bf8 24. Bxf8 Kxf8 25. Qd2 Rxc1+ 26. Rxc1 Rb8 27. Qh6+ Kg8 28. Ng5 Nf8 29. Qh4 Qd8 30. Qf4 Qe7 31. Rc6 a5 32. Nc5 Nb5 33. h4 Nc3 34. Kf1 Qe8 35. g3 h6 36. Rc7 hxg5 37. Qxg5 Qd8 38. Re7 Nh7 39. Nxe6 Nxg5 40. Nxd8 Rxd8 41. hxg5 Nxa2 42. Ra7 Rb8 43. Rxa5 Nc1 44. Rxd5 Nxb3 45. Ke1 Nc1 46. Kd2 Na2 47. Kc2 b3+ 48. Kb2 Nb4 49. Rd6 Nd3+ 50. Kb1 Rc8 0-1

[Event "Sachsen-ch U16"]
[Site "Sebnitz"]
[Date "2012.04.10"]
[Round "1"]
[White "Kieslich, Aaron"]
[Black "Heber, Markus"]
[Result "1-0"]
[WhiteElo "1903"]
[BlackElo "1617"]
[PlyCount "85"]
[EventDate "2012.04.10"]
[EventType "swiss"]
[EventRounds "7"]
[EventCountry "GER"]
[SourceTitle "CBM 148 Extra"]
[Source "ChessBase"]
[SourceDate "2012.06.22"]
[SourceVersion "1"]
[SourceVersionDate "2012.06.22"]
[SourceQuality "1"]

1. d4 f5 2. c4 g6 3. g3 Bg7 4. Bg2 Nf6 5. Nc3 0-0 6. Nf3 d6 7. d5 e5 8. dxe6 Bxe6 9. Ng5 Bc8 10. Bd5+ Kh8 11. h4 Qe7 12. Bf3 h5 13. 0-0 Nbd7 14. Bg2 Ne5 15. Qb3 Rb8 16. Be3 a6 17. Ba7 Ra8 18. Bd4 Bh6 19. Rae1 c5 20. Be3 Rb8 21. a4 Kg7 22. Bf4 Be6 23. Nxe6+ Qxe6 24. Bxh6+ Kxh6 25. Bd5 Qd7 26. Rd1 Nc6 27. e3 Rfe8 28. Ne2 Ne5 29. Nf4 b5 30. axb5 axb5 31. cxb5 Qxb5 32. Qxb5 Rxb5 33. Bc6 Nxc6 34. Rxd6 Ne5 35. Rxf6 Kg7 36. Ra6 Rxb2 37. Rc1 c4 38. Ra7+ Kf6 39. Rc3 Rc8 40. Ne6 Ng4 41. Ng5 Nh6 42. Nf7 Kg7 43. Nd6+ 1-0

[Event "Sachsen-ch U16"]
[Site "Sebnitz"]
[Date "2011.04.30"]
[Round "7"]
[White "Heber, Markus"]
[Black "Schnoor, Friedrich"]
[Result "1-0"]
[WhiteElo "1426"]
[BlackElo "1738"]
[PlyCount "77"]
[EventDate "2011.04.26"]
[EventType "swiss"]
[EventRounds "7"]
[EventCountry "GER"]
[SourceTitle "EXT 2012"]
[Source "ChessBase"]
[SourceDate "2011.11.24"]
[SourceVersion "1"]
[SourceVersionDate "2011.11.24"]
[SourceQuality "1"]

1. e4 c5 2. Nf3 d6 3. Bb5+ Bd7 4. Bxd7+ Qxd7 5. 0-0 Nc6 6. c3 Nf6 7. Re1 e6 8. d4 cxd4 9. cxd4 d5 10. e5 Ne4 11. Nbd2 Nxd2 12. Bxd2 Be7 13. Qb3 0-0 14. Rac1 Rfb8 15. Rc2 b5 16. Rec1 Rb6 17. a3 Qb7 18. Bb4 Rc8 19. Bxe7 Qxe7 20. Rc5 Qb7 21. Qc3 h6 22. b4 a6 23. Nd2 Kh7 24. Nb3 Qd7 25. g3 g6 26. Kg2 Kg7 27. Na5 Nxa5 28. Rxc8 Nc4 29. Rc5 Kh7 30. Ra1 Kg7 31. Qc2 Qb7 32. a4 bxa4 33. Qxa4 Rxb4 34. Qxa6 Qxa6 35. Rxa6 Nd2 36. Ra7 Rxd4 37. Rcc7 Re4 38. Rxf7+ Kg8 39. Rfd7 1-0

[Event "Sachsen-ch U16"]
[Site "Sebnitz"]
[Date "2011.04.29"]
[Round "6"]
[White "Matschewsky, Justus"]
[Black "Heber, Markus"]
[Result "1-0"]
[WhiteElo "1775"]
[BlackElo "1426"]
[PlyCount "109"]
[EventDate "2011.04.26"]
[EventType "swiss"]
[EventRounds "7"]
[EventCountry "GER"]
[SourceTitle "EXT 2012"]
[Source "ChessBase"]
[SourceDate "2011.11.24"]
[SourceVersion "1"]
[SourceVersionDate "2011.11.24"]
[SourceQuality "1"]

1. e4 e5 2. Nf3 Nf6 3. Nc3 Nc6 4. Bb5 Nd4 5. Bc4 Nxf3+ 6. Qxf3 Bc5 7. d3 h6 8. Be3 Bb4 9. 0-0 d6 10. a3 Ba5 11. Qg3 Nh5 12. Qf3 Nf6 13. Nd5 Be6 14. b4 Bb6 15. Nxb6 axb6 16. Bxe6 fxe6 17. Qg3 g5 18. Qh3 Kd7 19. c4 Qe7 20. Qg3 Rag8 21. c5 bxc5 22. bxc5 Nh5 23. Qg4 Nf4 24. d4 h5 25. Qd1 exd4 26. Qa4+ c6 27. Bxd4 Rh6 28. Rab1 Ke8 29. cxd6 Qd7 30. Be3 e5 31. Qa7 Rg7 32. Bc5 Ne2+ 33. Kh1 Nc3 34. Rb4 b5 35. Qa8+ Kf7 36. Re1 Ke6 37. Rb3 Na4 38. Rc1 Kf7 39. Bb4 c5 40. Qd5+ Qe6 41. Bxc5 Qxd5 42. exd5 Nxc5 43. Rxc5 Rxd6 44. Rbxb5 Kf6 45. Rc6 Rgd7 46. Rbb6 Ke7 47. Rxd6 Rxd6 48. Rxd6 Kxd6 49. Kg1 Kxd5 50. Kf1 Kc4 51. Ke2 Kb3 52. Ke3 Kxa3 53. Ke4 Kb4 54. Kxe5 Kc5 55. Kf5 1-0

[Event "Sachsen-ch U16"]
[Site "Sebnitz"]
[Date "2011.04.28"]
[Round "4"]
[White "Heber, Markus"]
[Black "Bilz, Constantin"]
[Result "0-1"]
[WhiteElo "1426"]
[BlackElo "1667"]
[PlyCount "52"]
[EventDate "2011.04.26"]
[EventType "swiss"]
[EventRounds "7"]
[EventCountry "GER"]
[SourceTitle "EXT 2012"]
[Source "ChessBase"]
[SourceDate "2011.11.24"]
[SourceVersion "1"]
[SourceVersionDate "2011.11.24"]
[SourceQuality "1"]

1. e4 d6 2. d4 Nf6 3. Nc3 g6 4. Be3 Ng4 5. Bd2 Bg7 6. f3 Nf6 7. Be3 0-0 8. Qd2 c6 9. g4 Nbd7 10. h4 e5 11. d5 cxd5 12. Nxd5 Nxd5 13. Qxd5 Nb6 14. Qd2 d5 15. 0-0-0 d4 16. c3 Qc7 17. Bf2 Be6 18. Kb1 Rac8 19. Rc1 Rfd8 20. Be1 dxc3 21. Qxc3 Qd7 22. Qe3 Bxa2+ 23. Ka1 Rxc1+ 24. Qxc1 Qa4 25. Bb4 Bc4+ 26. Ba3 Rd1 0-1

[Event "Sachsen-ch U16"]
[Site "Sebnitz"]
[Date "2011.04.27"]
[Round "2"]
[White "Heber, Markus"]
[Black "Humburg, Philipp"]
[Result "0-1"]
[WhiteElo "1426"]
[BlackElo "1766"]
[PlyCount "56"]
[EventDate "2011.04.26"]
[EventType "swiss"]
[EventRounds "7"]
[EventCountry "GER"]
[SourceTitle "EXT 2012"]
[Source "ChessBase"]
[SourceDate "2011.11.24"]
[SourceVersion "1"]
[SourceVersionDate "2011.11.24"]
[SourceQuality "1"]

1. e4 c5 2. Nf3 d6 3. Nc3 Nc6 4. Bb5 Bd7 5. 0-0 g6 6. d4 cxd4 7. Nxd4 Bg7 8. Be3 Nf6 9. Kh1 0-0 10. f4 Rc8 11. Qd2 a6 12. Bxc6 Bxc6 13. Nxc6 Rxc6 14. f5 Qc7 15. fxg6 hxg6 16. Bh6 Rxc3 17. bxc3 Nxe4 18. Qe3 Bxh6 19. Qxh6 Qxc3 20. Rae1 d5 21. Rb1 b5 22. Rb3 Qd2 23. Qh4 Qe2 24. Rc1 Rc8 25. Rh3 Nf2+ 26. Kg1 Nxh3+ 27. Qxh3 Rxc2 28. Rb1 d4 0-1